| 000 | 00833nam a22002897a 4500 | ||
|---|---|---|---|
| 003 | CHAP | ||
| 005 | 20220329135538.0 | ||
| 008 | 971013s1976 r 00010 d | ||
| 010 | _a38292 | ||
| 011 | _a39264 | ||
| 035 | _a43384 | ||
| 040 | _cCHAP | ||
| 082 |
_a636.4 _bP4Y |
||
| 100 | 0 | 0 |
_aPeck, W. D. _986480 |
| 245 | _aCómo ganar dinero con la cría del cerdo | ||
| 260 |
_aBarcelona : _bSertebi, _c1976 |
||
| 300 |
_a211 p. _b: ilus. |
||
| 490 | _aCuadernos agropecuarios | ||
| 500 | _aTrad. de la 3 ed. en inglés | ||
| 590 |
_aBATCH-UPD _b10 _c20130110 _lUCH01 _h2150 |
||
| 590 |
_aCONVERSION _b10 _c20130109 _lUCH01 _h1321 |
||
| 650 | 1 | 4 |
_aGanado porcino. _945328 |
| 830 | 0 |
_aCuadernos agropecuarios _929728 |
|
| 901 | _aBK | ||
| 942 | _cLIBRO | ||
| 949 |
_a636.4 P4Y _bBC _cLIBRO _d-99424 _eLIBRO _h46778 _i43384 _si _t230.00 |
||
| 999 |
_c38292 _d38292 |
||